| 000 | 00355nam a22001457a 4500 | ||
|---|---|---|---|
| 003 | SGT | ||
| 020 | _a9788180384363 | ||
| 082 |
_a342.0954 _bS09B |
||
| 100 | _aBASU, DURGA DAS | ||
| 245 | _aSHORTER CONSTITUTION OF INDIA | ||
| 260 |
_aINDIA _bLEXISNEXIS BUTTERWORTHS WADHWA _c2009 |
||
| 300 | _a170 | ||
| 650 | _aINDIAN CONSTITUTION | ||
| 942 |
_2ddc _cBK |
||
| 999 |
_c26199 _d26199 |
||